[Event "AUTO-INT-2814"]
[Site "http://www.queenalice.com/game.php?id=1260063"]
[Date "2014.2.26"]
[Round "1"]
[White "Ruusgugg"]
[Black "Vitocknick"]
[Result "0-1"]
[WhiteElo "1417"]
[BlackElo "1468"]

1. e4 c5 2. c3 e6 3. e5 Nc6 4. f4 f6 5. exf6 gxf6 6. b3 Qe7 7. Nf3 e5 8. fxe5
fxe5 9. Bc4 e4 10. Ng1 Nf6 11. Ne2 Rg8 12. Bxg8 Nxg8 13. O-O Qe5 14. Ng3 Bd6 15.
Rf5 Qe6 16. Qh5+ Qg6 17. Qh4 Bxg3 18. Qxe4+ Be5 19. b4 d5 20. Qf3 Bxf5 21. bxc5
Bxb1 22. d4 Bc7 23. Qe2+ Nge7 24. Qb5 Qe4 25. h3 Qe1+ 26. Qf1 Bh2+ 27. Kxh2 Qxf1
28. Rxb1 O-O-O 29. c4 Rg8 30. g3 Qf2+ 31. Kh1 Rxg3 32. Bb2 Qg2# 0-1

[Event "AUTO-INT-2814"]
[Site "http://www.queenalice.com/game.php?id=1260064"]
[Date "2014.2.26"]
[Round "1"]
[White "Vitocknick"]
[Black "Ruusgugg"]
[Result "1-0"]
[WhiteElo "1482"]
[BlackElo "1403"]

1. e4 d5 2. Nc3 d4 3. Nce2 e5 4. Ng3 c5 5. Nf3 Bd6 6. Bc4 Ne7 7. c3 d3 8. Bxd3
O-O 9. Bc4 Be6 10. Bxe6 fxe6 11. d3 b6 12. O-O Nd7 13. Ng5 Nf6 14. Nxe6 Qe8 15.
Nxf8 Qxf8 16. f4 exf4 17. Bxf4 Rd8 18. Bxd6 Rxd6 19. Nh5 Qd8 20. Nxf6+ gxf6 21.
Rf3 c4 22. Rg3+ Ng6 23. d4 Re6 24. Qg4 Re7 25. Rf1 Rf7 26. Rf5 Re7 27. Rxf6 Rg7
28. Rc6 Qf8 29. Rc8 Rf7 30. Rxf8+ Kxf8 31. Rf3 b5 32. Rxf7+ Kxf7 33. Qd7+ Kg8
34. Qe6+ 1-0

[Event "AUTO-INT-2814"]
[Site "http://www.queenalice.com/game.php?id=1260079"]
[Date "2014.2.26"]
[Round "1"]
[White "Vitocknick"]
[Black "saturnin"]
[Result "1-0"]
[WhiteElo "1449"]
[BlackElo "1517"]

1. e4 e5 2. f4 exf4 3. Nf3 h6 4. d4 g5 5. Nc3 Bg7 6. Bc4 Ne7 7. h4 g4 8. Ne5
Bxe5 9. dxe5 Ng6 10. Qxg4 Qe7 11. Bxf4 Nxf4 12. Qxf4 Nc6 13. Nd5 Qxe5 14. Qxe5+
Nxe5 15. Bd3 Nxd3+ 16. cxd3 Rb8 17. Nxc7+ Kd8 18. Rc1 b5 19. Rf1 Rf8 20. Ke2 Rb7
21. Nd5 a5 22. Rf6 b4 23. Nb6 Ke7 24. Rxh6 Rg8 25. Rxc8 Rxg2+ 26. Kf3 Rxb2 27.
Nd5# 1-0

[Event "AUTO-INT-2814"]
[Site "http://www.queenalice.com/game.php?id=1260080"]
[Date "2014.2.26"]
[Round "1"]
[White "saturnin"]
[Black "Vitocknick"]
[Result "0-1"]
[WhiteElo "1526"]
[BlackElo "1495"]

1. b4 e5 2. c3 a5 3. b5 c6 4. bxc6 bxc6 5. a4 Bc5 6. Na3 Qf6 7. e3 d5 8. Bb2 e4
9. Qc2 Nd7 10. c4 Qg6 11. g3 Ngf6 12. Bg2 O-O 13. Ne2 Qf5 14. Nd4 Bxd4 15. Bxd4
Ng4 16. O-O dxc4 17. Bxe4 Qh5 18. h4 Ndf6 19. Bxc6 Ra6 20. Bb5 Re6 21. Nxc4 g5
22. f3 Nh6 23. Nxa5 gxh4 24. gxh4 Qxh4 25. Rf2 Rd6 26. Rg2+ Kh8 27. Nc4 Bh3 28.
Rh2 Qg3+ 29. Kh1 Qxf3+ 30. Kg1 Rg8+ 0-1

[Event "AUTO-OPEN-3198"]
[Site "http://www.queenalice.com/game.php?id=1260259"]
[Date "2014.2.26"]
[Round "1"]
[White "Vitocknick"]
[Black "priscilinha"]
[Result "1-0"]
[WhiteElo "1512"]
[BlackElo "1124"]

1. b3 e5 2. Bb2 Nf6 3. e3 Bc5 4. Bxe5 Ne4 5. Bxg7 Rg8 6. Bb2 Qh4 7. Qf3 d5 8. g3
Qg4 9. Qxg4 Bxg4 10. Nc3 a5 11. Nxd5 Nd7 12. Nxc7+ Ke7 13. f3 Nf2 14. Kxf2 Rac8
15. Nd5+ Ke6 16. Bc4 Bf5 17. Nf6+ Kd6 18. Nxd7 Kxd7 19. Bxf7 Rgf8 20. Bd5 Kd6
21. Bxb7 Rc7 22. Ba6 Be6 23. d4 Ba7 24. c4 Rc6 25. c5+ 1-0

[Event "AUTO-OPEN-3198"]
[Site "http://www.queenalice.com/game.php?id=1260260"]
[Date "2014.2.26"]
[Round "1"]
[White "priscilinha"]
[Black "Vitocknick"]
[Result "0-1"]
[WhiteElo "1122"]
[BlackElo "1514"]

1. e4 Nf6 2. Bb5 Nxe4 3. h4 c6 4. Bf1 e6 5. d3 Nc5 6. d4 Ne4 7. f3 Ng3 8. Bg5 f6
9. Bd2 Nxh1 10. Bc4 Ng3 11. a4 d5 12. Bd3 Nf5 13. f4 Nxh4 14. Nf3 Nxf3+ 15. Qxf3
c5 16. dxc5 Bxc5 17. b4 Bd4 18. Ra3 O-O 19. Qh3 h6 20. g4 e5 21. fxe5 Re8 22. g5
Rxe5+ 23. Kd1 Bxh3 24. a5 Qe7 0-1

[Event "AUTO-OPEN-3198"]
[Site "http://www.queenalice.com/game.php?id=1260261"]
[Date "2014.2.26"]
[Round "1"]
[White "Vitocknick"]
[Black "bouley"]
[Result "0-1"]
[WhiteElo "1516"]
[BlackElo "2163"]

1. d4 Nf6 2. Nf3 e6 3. Bf4 Nc6 4. e3 d5 5. c4 Be7 6. Nc3 O-O 7. a3 Re8 8. Bd3
dxc4 9. Bxc4 a6 10. Bd3 b5 11. O-O Bb7 12. h3 Rb8 13. b4 Bf8 14. Ne4 Nxe4 15.
Bxe4 g6 16. Rc1 Ne7 17. Bxc7 Qd7 18. Bxb8 Bxe4 19. Be5 Nc6 20. Bg3 Bd5 21. Ne5
Nxe5 22. Bxe5 Bc4 23. Re1 Qe7 24. Qf3 f5 25. e4 Bh6 26. Rc3 Bd2 0-1

[Event "AUTO-OPEN-3198"]
[Site "http://www.queenalice.com/game.php?id=1260262"]
[Date "2014.2.26"]
[Round "1"]
[White "bouley"]
[Black "Vitocknick"]
[Result "1/2-1/2"]
[WhiteElo "2132"]
[BlackElo "1514"]

1. e4 Nf6 2. e5 Nd5 3. Bc4 Nb6 4. Bb3 c5 5. d3 Qc7 6. Nf3 c4 7. dxc4 Nxc4 8. Qe2
Nb6 9. Nc3 e6 10. O-O a6 11. Bg5 d6 12. Rfd1 h6 13. exd6 Bxd6 14. Be3 O-O 15.
Ne4 Be7 16. Ng3 Nc6 17. c3 Rd8 18. Rxd8+ Bxd8 19. Rd1 Bf6 20. Ne4 Be7 21. Qd3
Bd7 22. Bxb6 Qxb6 23. Nd4 Nxd4 24. Qxd4 Qxd4 25. Rxd4 Bc6 26. h3 Rd8 27. Rxd8+
Bxd8 28. Bc2 Be7 29. f3 Kf8 30. Kf2 Ke8 31. a4 Kd7 32. b3 Bxe4 33. Bxe4 b6 34.
c4 Bc5+ 35. Ke2 Kd6 36. f4 f5 37. Bb7 a5 38. g4 fxg4 39. hxg4 g5 40. Kf3 Ke7 41.
Ke4 Kf6 42. fxg5+ Kxg5 43. Kf3 e5 44. Bc8 1/2-1/2

[Event "Challenge"]
[Site "http://www.queenalice.com/game.php?id=1355556"]
[Date "2015.4.25"]
[Round "-"]
[White "Danimunte"]
[Black "Vitocknick"]
[Result "0-1"]
[WhiteElo "1585"]
[BlackElo "1566"]

1. d4 Nf6 2. Nc3 d5 3. Nf3 Nc6 4. e3 Bg4 5. Be2 e6 6. O-O a6 7. h3 Bh5 8. a3 Bd6
9. b4 O-O 10. b5 axb5 11. Nxb5 Re8 12. Nxd6 Qxd6 13. a4 e5 14. Ba3 Qe6 15. Ng5
Qf5 16. h4 Bxe2 17. Qxe2 exd4 18. g4 Nxg4 19. Bc1 dxe3 20. fxe3 Qe5 21. Bd2 Qg3+
22. Qg2 Qxh4 23. Nf3 Qh5 24. Rfe1 Nce5 25. Nd4 Nc4 26. Bc3 Rxe3 27. Rf1 Rh3 28.
Nf3 Nce3 29. Qxh3 Qxh3 30. Rf2 Qg3+ 31. Kh1 Nxf2# 0-1

[Event "Challenge"]
[Site "http://www.queenalice.com/game.php?id=1355557"]
[Date "2015.4.25"]
[Round "-"]
[White "Vitocknick"]
[Black "Danimunte"]
[Result "1-0"]
[WhiteElo "1548"]
[BlackElo "1603"]

1. d4 d5 2. Nc3 Nf6 3. Bg5 h6 4. Bh4 g5 5. Bg3 Nc6 6. e3 Bg7 7. Bb5 Bd7 8. Nf3
O-O 9. Ne5 Nxe5 10. dxe5 Ng4 11. Bxd7 Qxd7 12. Nxd5 Nxe5 13. Bxe5 Bxe5 14. f4
Rad8 15. Nc3 Bd6 16. fxg5 Qc6 17. O-O hxg5 18. Qf3 Qb6 19. b3 Be5 20. Na4 Qb5
21. Rad1 Rc8 22. Rd5 g4 23. Qxg4+ Bg7 24. Rxb5 Rcd8 25. Rg5 Kh7 26. Rxg7+ Kh8
27. Rfxf7 Rg8 28. Qh5# 1-0

[Event "Game of Lajaica"]
[Site "http://www.queenalice.com/game.php?id=1530792"]
[Date "2018.6.12"]
[Round "-"]
[White "GabrielGabera"]
[Black "Vitocknick"]
[Result "1-0"]
[WhiteElo "1869"]
[BlackElo "1581"]

1. e4 Nf6 2. e5 Nd5 3. d4 d6 4. Nf3 g6 5. Bc4 Nb6 6. Bb3 Bg7 7. Ng5 O-O 8. e6 d5
9. exf7+ Kh8 10. h4 h6 11. h5 e6 12. hxg6 Qf6 13. Qd3 Nc6 14. Nh7 Qe7 15. Nxf8
Bxf8 16. Bxh6 Bxh6 17. Qd2 1-0